Hacia un nuevo anticapitalismo : Para una política de la emancipación /

Detalles Bibliográficos
Autor principal: Zarka, Pierre
Otros Autores: Vakaloulis, Michel, Vincent, Jean-Marie
Formato: Analitica de revista
Lenguaje:inglés
Publicado: Santiago, Chile LOM 2004

MARC

LEADER 00000cab a2200000 a 4500
001 024340
003 UAHC_CL
005 20170808111538.0
008 060116b xx j 000 1 eng
952 |0 0  |1 0  |4 0  |6 ACTUEL_MARX_INTERV_02_04_000000000000000  |7 0  |8 General  |9 48758  |a BC  |b BC  |c General  |d 2017-08-03  |l 0  |o ACTUEL MARX INTERV.-02/04  |p FICTICIO28  |r 2019-01-08 00:00:00  |t 1  |w 2017-08-03  |y REVA 
999 |c 24340  |d 24340 
040 |a UAHC_CL  |c UAHC_CL  |d UAHC_CL 
100 1 |a Zarka, Pierre 
245 1 0 |a Hacia un nuevo anticapitalismo :  |b Para una política de la emancipación /  |c Pierre Zarka, Michel Vakaloulis, Jean-Marie Vincent. 
260 |b LOM  |c 2004  |a Santiago, Chile 
300 |a p. 161-164 
500 |a En: Actuel Marx, n°02, 2004. p. 161-164. ISSN 07180179. 
700 1 |a Vakaloulis, Michel 
700 1 |a Vincent, Jean-Marie 
773 0 |t Actuel-Marx / Intervenciones.  |w 024296 
900 |a ACTUEL MARX INTERV.-02/04 
942 |c REVA  |2 ddc